Public Relations History From the 17th to the 20th Century. The Antecedents
Uložené v:
| Hlavný autor: | |
|---|---|
| Médium: | Kniha |
| Jazyk: | English |
| Vydavateľské údaje: |
Hillsdale
Lawrence Erlbaum Associates, Publ.
1995
|
| Vydanie: | 1. ed. |
| Edícia: | Lea's Communication Series
|
| Predmet: | |
| Tagy: |
Žiadne tagy, Buďte prvý, kto otaguje tento záznam!
|
MARC
| LEADER | 00000nam a2200000 4500 | ||
|---|---|---|---|
| 001 | c014241 | ||
| 005 | 20221205133443.9 | ||
| 020 | |a 0-8058-1780-8 | ||
| 041 | 0 | |a eng | |
| 044 | |a US | ||
| 245 | 1 | 0 | |a Public Relations History |b From the 17th to the 20th Century. The Antecedents |c Scott M. Cutlip |
| 250 | |a 1. ed. | ||
| 264 | 1 | |a Hillsdale |b Lawrence Erlbaum Associates, Publ. |c 1995 | |
| 300 | |a 300 s. | ||
| 490 | 1 | |a Lea's Communication Series | |
| 830 | 0 | |a Lea's Communication Series | |
| 610 | 2 | 0 | |a práca s verejnosťou |
| 610 | 2 | 0 | |a dejiny |
| 610 | 2 | 0 | |a USA |
| 610 | 2 | 0 | |a politika sociálna |
| 100 | 1 | |a Cutlip, Scott M. | |